00698nam a2200241 a 4500001001300000003000900013005001700022008004100039020001000080082001800090100001300108245004700121260002900168300000800197500003500205505001500240650002000255700001300275902000800288942000700296952013600303999001700439nice12345678IN_TiNIC20260116015139.0050524s1952 leia grp 000 0 eng  ac10000a297.822bIVA8 aIvanow,  aBrief Survey of the Evolution of Ismailism aLeidenbE.J. Brillc1952 a91p aincludes index and biblioraphy2 aXerox Copy aIsmailis-Hitory1 aIvanow,  bSRS cBK 001040708StackRoom-aHMIbHMId2007-06-29g100.00l2m2o297.822 IVA8p11001653r2019-09-18s2019-07-18v100.00w2005-05-24yBK c18497d18497